Hồi ký Alex Ferguson Nhìn thật rộng và đánh tập trung
Những suy ngẫm và ghi chép về những kỉ niệm buồn vui cũng như thăng trầm trong suốt cuộc đời làm bóng đá của huấn luyện viên xuất sắc nhất trong lịch sử bóng đá Anh Alex Ferguson, đặc biệt là những năm tháng thành công của ông ở Manchester...
Spremljeno u:
| Glavni autor: | |
|---|---|
| Daljnji autori: | |
| Format: | Knjiga |
| Jezik: | Undetermined |
| Izdano: |
Tp. Hồ Chí Minh
Nxb. Trẻ
2015
|
| Teme: | |
| Online pristup: | http://lrc.tdmu.edu.vn/opac/search/detail.asp?aID=2&ID=27273 |
| Oznake: |
Dodaj oznaku
Bez oznaka, Budi prvi tko označuje ovaj zapis!
|
| Thư viện lưu trữ: | Trung tâm Học liệu Trường Đại học Thủ Dầu Một |
|---|
| LEADER | 01224nam a2200229Ia 4500 | ||
|---|---|---|---|
| 001 | TDMU_27273 | ||
| 008 | 210410s9999 xx 000 0 und d | ||
| 082 | |a 320.1509597 | ||
| 090 | |b F206 | ||
| 100 | |a Ferguson, Alex | ||
| 245 | 0 | |a Hồi ký Alex Ferguson | |
| 245 | 0 | |b Nhìn thật rộng và đánh tập trung | |
| 245 | 0 | |c Alex Ferguson; Nguyễn Dương Hiếu, Nguyễn Nhất Duy, Đặng Nguyễn Hiếu Trung | |
| 260 | |a Tp. Hồ Chí Minh | ||
| 260 | |b Nxb. Trẻ | ||
| 260 | |c 2015 | ||
| 300 | |a 343tr. | ||
| 520 | |a Những suy ngẫm và ghi chép về những kỉ niệm buồn vui cũng như thăng trầm trong suốt cuộc đời làm bóng đá của huấn luyện viên xuất sắc nhất trong lịch sử bóng đá Anh Alex Ferguson, đặc biệt là những năm tháng thành công của ông ở Manchester United | ||
| 650 | |a Huấn luyện viên bóng đá |x Tiểu sử và sự nghiệp | ||
| 700 | |a Nguyễn, Dương Hiếu | ||
| 856 | |u http://lrc.tdmu.edu.vn/opac/search/detail.asp?aID=2&ID=27273 | ||
| 980 | |a Trung tâm Học liệu Trường Đại học Thủ Dầu Một | ||